Návrh rekonštrukcie malej vodnej nádrže

Guardado en:
Detalles Bibliográficos
Autor principal: Belko, Michal, 1985- (Autor)
Otros Autores: Minárik, Marián, 1977- (Orientador)
Formato: Manuscrito Libro
Lenguaje:eslovaco
Publicado: Bratislava : STU v Bratislave SvF, 2012
Materias:
Acceso en línea:VAIS
https://opac.crzp.sk/?fn=detailBiblioForm&sid=873ABE7B6F49B7A56B4EC29670EF
Etiquetas: Agregar Etiqueta
Sin Etiquetas, Sea el primero en etiquetar este registro!

MARC

LEADER 00000ntm a22000003a 4500
001 stu252651
005 20231115133949.5
008 120721s2012----xo------------------slo-d
040 |a STU  |b slo 
041 0 |a slo 
044 |a xo 
100 1 |a Belko, Michal,  |d 1985-  |4 aut  |u V  |T SvF Stavebná fakulta  |X 42097  |U V  |Y 10  |7 A000042097 
242 0 0 |a Proposal of small water reservoir reconstruction  |y eng 
245 1 |a Návrh rekonštrukcie malej vodnej nádrže 
260 |a Bratislava :  |b STU v Bratislave SvF,  |c 2012 
650 7 |a vodné stavby a vodné hospodárstvo  |2 stusub 
650 7 |a Hydraulic Engineering and Water Resources Management  |2 estusub 
650 7 |a dam  |2 estusub 
650 7 |a reconstruction  |2 estusub 
650 7 |a stability  |2 estusub 
650 7 |a rekonštrukcia  |2 stusub 
650 7 |a priehrady  |2 stusub 
650 7 |a stabilita  |2 stusub 
700 1 |a Minárik, Marián,  |d 1977-  |4 ths  |u V150  |U SvF Stavebná fakulta  |T SvF Katedra geotechniky  |X 785  |U V150  |Y 15  |7 A000000785 
856 4 |a info a plný text  |u http://is.stuba.sk/zp/portal_zp.pl?podrobnosti=91082  |3 VAIS 
856 4 |a CRZP  |u https://opac.crzp.sk/?fn=detailBiblioForm&sid=873ABE7B6F49B7A56B4EC29670EF